[Event "Palma de Mallorca FIDE GP"]
[Site "Palma de Mallorca"]
[Date "2017.11.23"]
[Round "7"]
[White "Rapport, Richard"]
[Black "Aronian, Levon"]
[Result "1/2-1/2"]
[WhiteElo "2692"]
[BlackElo "2801"]
[Annotator "Sadorra,J"]
[PlyCount "143"]
[EventDate "2017.11.16"]
[EventType "swiss"]
[EventRounds "9"]
[EventCountry "ESP"]
[SourceTitle "CBM 182"]
[Source "ChessBase"]
[SourceDate "2018.01.17"]
[SourceVersion "1"]
[SourceVersionDate "2018.01.17"]
[SourceQuality "1"]

1. Nf3 d5 2. g3 Nf6 3. Bg2 e6 4. O-O Be7 5. c4 O-O 6. d4 dxc4 {Aronian plays
the mainline of the Open Variation against the Catalan, which is probably
still the most respectable and effective way to equalise against this solid
opening.} 7. Qc2 a6 8. a4 Bd7 9. Rd1 {This move prioritises development and
central control over taking back the pawn on c4.} ({The more popular move here
is} 9. Qxc4 Bc6 10. Bg5 {for more details, see my annotated games in CBM 178.})
9... Bc6 10. Bg5 {Rapport chooses a less common move but one that Aronian also
had to face in a recent game, which could help make one's prep more specific.}
({The most popular continuation here is} 10. Nc3 {which Aronian has faced
before in tournament practice} Bxf3 11. Bxf3 Nc6 12. Bxc6 bxc6 13. a5 Rb8 14.
Ra4 Rb4 15. Na2 Rxa4 16. Qxa4 Qb8 (16... h6 17. Qxc4 Qd5 {1/2-1/2 (37) Gelfand,
B (2741)-Aronian,L (2783) Leon 2010 CBM 136 Extra [CB]}) 17. Qxc4 Qb7 $11 {
1/2-1/2 (30) Leko,P (2737)-Aronian,L (2816) Istanbul 2012}) 10... a5 11. Nbd2
Na6 12. Nxc4 Nb4 {Aronian had this position on the board in one of his World
Cup matches.} 13. Qb3 ({One of Russia's strong and young grandmasters Daniil
Dubov chose here} 13. Qc1 h6 14. Bxf6 (14. Bd2 $5 {Keeping more pieces may be
worth investigating for White.}) 14... Bxf6 15. Nfe5 Bd5 16. Qc3 b6 $1 $11 {
½-½ (36) Dubov,D (2666)-Aronian,L (2802) Tbilisi GEO 2017,  and Black had no
problems, and can even fight for more than equality later in the game.}) 13...
Nd7 14. Bxe7 Qxe7 15. Qa3 $6 {This doesn't give Black any problems.} ({The
best way to obtain an edge is to fight for control of e4 and expand in the
centre:} 15. Ne1 $1 {This move also aims to remove Black's best piece on b4.}
Bxg2 (15... Bd5 16. e4) 16. Kxg2 {[%csl Rb4][%cal Ge1c2,Ge1d3]} Nb8 {Preparing
to meet White's intention to remove the knight on b4.} (16... c6 $2 17. Nd3 $14
) 17. Nd3 N8c6 18. Nxb4 Nxb4 (18... Qxb4 19. Rd3 $5) 19. Rac1 c6 20. e4 $14 {
White has a very slight edge but Black is very solid.}) 15... Rfd8 16. Rac1 Nd5
17. Qa1 {Rapport wants to keep more pieces to make the most of his space
advantage.} (17. Qxe7 Nxe7 18. b3 f6 $11) 17... N5f6 (17... Nb4 {is more solid
and may be objectively better, but Aronian wants to avoid any type of
repetition and goes for more.}) 18. b3 Qb4 $6 {Clarifying his intentions by
playing actively despite the risk involved of the black queen becoming a
future target for White's pieces.} 19. Ncd2 Rac8 20. e3 {Rapport doesn't see
any real threat from Black and decides to take it slow.} (20. Ne1 $1 {[%cal
Ge1d3,Ge2e4] is once again possible, for the same reasons!}) 20... Ne4 21. Nc4
{Once again avoiding exchanges to keep things tight and uncomfortable in
Black's camp.} (21. Nxe4 Bxe4 22. Nd2 Bxg2 23. Kxg2 c5 24. Ne4 $1 cxd4 25. Rxc8
Rxc8 26. Rxd4 Qe7 27. Qd1 $36) 21... Nd6 22. Ne1 {Rapport finally allows a
trade but only if Aronian helps him improve his structure.} (22. Ncd2 Ne4 23.
Nc4 Nd6 $11) 22... Bxg2 23. Kxg2 Nxc4 24. bxc4 Qe7 {Aronian plans the pawn
break c7-c5 next move freeing his pieces and giving him counterplay in the
centre.} 25. Nd3 ({The best way to stop or meet this break is} 25. c5 $1 {
I'm sure Rapport examined this but he might have been concerned with the other
break} e5 {[%cal Ge5e4,Ge5d4,Gd7f6,Gf6d5] with the idea of e4 or exd4 followed
by manoeuvring a knight to d5.} 26. Nf3 {Only a deeper look at the position
can enable one to see why the ensuing position give White better chances.} (26.
Nd3 exd4 27. exd4 Nf6 $1 $11) (26. c6 $5 {looks tempting but it only leads to
some simplification where Black has counterplay.} bxc6 27. Rxc6 exd4 28. Rxd4
Ne5 29. Rxd8+ Rxd8 30. Rc2 Qd6 $132) 26... exd4 {The most natural continuation.
} (26... e4 27. Nd2 Nf6 28. Rb1 Rb8 29. Rb5 $1 b6 30. cxb6 cxb6 31. Qb1 $16 {
[%csl Rb6,Re4]}) 27. exd4 Nf6 28. Re1 $1 Qf8 (28... Qd7 29. c6 $1 bxc6 30. Rc5
$16 {[%csl Ra5,Rc6,Rc7]}) 29. Qb2 {Now we see that the queenside pawns can
cause problems for Black.} (29. Qb1) 29... Rb8 (29... Nd5 {A nice blockade on
d5 isn't enough compensation for the pawn and queenside weaknesses.} 30. Qxb7
c6 31. Ne5) 30. Qb5 b6 31. cxb6 cxb6 32. Ne5 $36 {White's pieces have gained
much activity and energy from the transformation of the pawn structure, and
Black is under heavy pressure.}) 25... c5 26. Qa3 Kf8 {Aronian defends
actively.} (26... b6 27. Rb1 {[%csl Rb6]}) 27. Qb3 (27. Rb1 $6 cxd4 28. Qxe7+
Kxe7 29. Rxb7 dxe3 30. fxe3 Ke8 $11) 27... b6 28. Qb5 cxd4 29. exd4 Qd6 30. Nf4
$6 ({With Black's king slightly exposed, I think it's worth considering
keeping queens on the board. In general, it's also good to hang on to pieces
in hanging pawns structures where there's plenty of dynamic possibilities that
can happen.} 30. Kg1 $5 Qc6 31. Qb3 {But then again maybe Black can afford to
use some time to get his king back to safety!} Kg8 $5 32. d5 $1 (32. Nf4 $5)
32... Nc5 $1 {This concrete idea allows Black to hold.} (32... exd5 33. cxd5
Qd6 34. Rc6 $1 Rxc6 35. dxc6 Qxc6 36. Ne5 $18) 33. Nxc5 Qxc5 34. dxe6 fxe6 $11)
30... Qc6+ 31. Qxc6 (31. Kg1 Qxb5 32. axb5 Nf6 $15) 31... Rxc6 {Now I think
it's much easier to play Black due to the existing targets in White's position.
} 32. d5 Rd6 33. dxe6 Nc5 $1 34. e7+ {A way to keep Black's pieces from
invading.} ({If White continues normally with} 34. Rxd6 Rxd6 35. exf7 (35. Ra1
fxe6 {[%csl Ra4,Rc4]}) 35... Nxa4 $15 {White has a tough defensive task ahead
of him.}) 34... Kxe7 35. Nd5+ Kf8 36. Ra1 Rc8 {Simple and strong.} 37. Rdb1 Nd7
38. Ne3 (38. Rc1 Ne5 39. Ne3 Rd2 {transposes to the game.}) 38... Ne5 39. Rc1
Rd2 40. Rcb1 Nd3 $1 {Aronian continues to play energetically.} 41. Rf1 (41.
Rxb6 Rxf2+ 42. Kh3 (42. Kg1 Re8 43. Nd5 Rc2 $17) 42... Re8 43. Nd5 h5 $1 {
And Black must have a winning attack against the white king.}) 41... g6 $1 {
Aronian shows his great technique - he doesn't rush, but slowly improves his
pawn structure and king safety before taking any further action.} (41... Ne5
42. Rab1) (41... Nb2 42. Rfc1 Nd3 43. Rf1 {neither makes any progress.}) 42.
Ra3 Rc6 $1 {[%csl Gb6,Rf2,Gf6][%cal Gc8c6,Gc6f6,Rf6f2,Gf6b6] I like this idea.
Aronian places his rook on a position where it can both defend his pawn and
attack the enemy's!} 43. Rb3 Nc5 44. Ra3 Ne4 45. Raa1 Rf6 $17 46. Ng4 Rfd6 47.
Ne3 Rf6 48. Ng4 Rf5 49. Rfd1 Rc5 (49... Rb2 $5 {I like this idea of using the
b4-square.} 50. Rab1 Rb4 51. Rxb4 (51. f3 Nc3 52. Rxb4 axb4 $19) 51... axb4 52.
Rb1 h5 53. Re1 $1 Nc3 54. Ne3 Re5 $1 (54... Ra5 55. Nd5 Nxd5 (55... Rxa4 56.
Nxb6 Ra5 57. c5 $132) 56. cxd5 Rxd5 57. Re4 $11) 55. Rc1 Ra5 $17) 50. Rxd2 Nxd2
51. Nf6 $1 Ke7 $6 ({Aronian had to play solid and simple chess here to keep
his advantage} 51... Kg7 $1 52. Ne8+ Kh8 {But to be honest, it's difficult to
play like this during the game as it looks like it's allowing White
counterplay. Nevertheless, the engine shows that White has nothing even after
the rook joins the knight.} 53. Rd1 Nxc4 54. Rd7 (54. Rd8 h5 $17) 54... Rc8 55.
Nf6 Kg7 56. Nd5 Rc5 57. h4 h5 $17) 52. Nd5+ Kd6 53. Rd1 $1 Nxc4 54. Nxb6+ Kc6
55. Nd7 Rd5 56. Rc1 Rd4 57. Ne5+ Kc5 58. Nxf7 {Rapport's resourcefulness with
his accurate calculation has allowed him to obtain good counterplay in this
unpleasant ending. However, the ensuing positions still hold danger for White
and he has to stay resourceful!} Kb4 59. Ng5 $5 Nd2 {Preventing White's tricky
idea.} (59... Kxa4 $4 60. Ne6 Re4 61. Nc5+ $18) 60. Ne6 Rc4 61. Ra1 Kb3 62. f4
Kb2 63. Re1 $2 (63. Rd1 $1 {I'm sure Rapport noticed this} Kc2 64. Ra1 Nb3 {
But he may have missed the following idea} 65. Ra2+ Kb1 66. Rf2 $1 Rxa4 67. g4
{[%cal Gf4f5,Gf5f6,Gf6f7] and White should have enough play to hold the game.})
63... Rxa4 64. Re5 Kc3 65. f5 Nc4 $1 {An important intermezzo.} 66. Rc5 gxf5
67. Kh3 (67. Rxf5 $4 Ne3+) 67... Ra2 68. Rxf5 a4 69. Nc7 Rd2 70. Rf8 Rd7 $2 (
70... Nd6 $1) 71. Nb5+ Kb4 72. Rb8 {The game was agreed drawn here, as White
will just sacrifice his knight for the a-pawn then trade his kingside pawns
for Black's h-pawn. This game must have been disheartening for Aronian as he
knew he had great chances to convert an advantage that he obtained from the
middlegame and slowly increased in the complex ending. But this result is not
merely due to his what he did, but also to Rapport's resourceful and tenacious
efforts to hold the game. Overall, the opening line played in the Open
Variation of the Catalan is still in good shape for Black and the better
player will usually come out on top in the subsequent middlegames!} 1/2-1/2

[Event "FRA"]
[Site "France"]
[Date "1993.??.??"]
[Round "?"]
[White "Salov, Valery"]
[Black "Rotstein, Arkadij"]
[Result "1-0"]
[WhiteElo "2685"]
[BlackElo "2470"]
[Annotator "Salov,V"]
[PlyCount "153"]
[EventDate "1993.??.??"]
[EventType "team"]
[EventRounds "11"]
[EventCountry "FRA"]
[SourceTitle "CBM 037"]
[Source "ChessBase"]
[SourceDate "1993.12.01"]
[SourceVersion "1"]
[SourceVersionDate "1993.12.01"]
[SourceQuality "1"]

1. Nf3 Nf6 2. c4 e6 3. g3 d5 4. Bg2 Be7 5. O-O O-O 6. d4 dxc4 7. Qc2 a6 8. Qxc4
b5 9. Qc2 Bb7 10. Bd2 Nc6 11. e3 Ra7 12. Rc1 Qa8 13. Ne1 Nb8 14. Bxb7 Qxb7 (
14... Rxb7 {Budnikov-Pigusov/St.Petersburg/1993/}) 15. Ba5 c5 $1 16. dxc5 Rc8
17. Nd3 Nc6 18. Bb6 Raa8 19. a4 bxa4 20. Rxa4 Nd7 21. Nc3 Nxb6 22. cxb6 Qxb6
23. Rc4 Na7 $1 24. Na4 Qb5 25. Nac5 h6 26. h4 Rab8 27. Ne4 Rxc4 28. Qxc4 Rc8
29. Qxb5 Rxc1+ 30. Nxc1 Nxb5 31. Nd3 Kf8 $10 32. Kf1 Ke8 33. Ke2 Nc7 34. h5 Kd7
$2 $138 35. Ne5+ Ke8 36. Kd3 f5 37. Nd2 Nd5 38. f3 Nf6 39. g4 fxg4 40. fxg4 Bd6
41. Ndc4 $14 Bc5 42. Ke2 Nd7 43. Nc6 Nb6 44. N4e5 Nd5 (44... Nd7 $1 45. Nxd7 $2
Kxd7 46. Nb8+ Kc8 47. Nxa6 Bd6 48. b4 Kb7 49. Nc5+ Bxc5 50. bxc5 Kc6 $10) 45.
e4 Nf6 46. Kf3 Nh7 47. Nc4 Ng5+ 48. Kf4 Bg1 49. b3 Bh2+ 50. Ke3 Bg1+ 51. Kd3
Nh3 52. e5 $1 Bc5 $8 (52... Nf2+ 53. Ke3 $1 (53. Ke2 Ne4 $132) 53... Nxg4+ $2
54. Kf3 $1 $18 {white king diminates the enemy's minor pieces!}) 53. b4 (53.
Nb8 $1 Nf2+ 54. Ke2 Nxg4 55. Kf3 Nh2+ (55... Nf2 $2 56. b4 $1 Bd4 57. Nc6 $18)
56. Kf4 $1 $16 {another example of domination}) 53... Bf8 54. Kd4 Nf2 55. Ke3
Nd1+ $1 (55... Nxg4+ $4 56. Kf3 Nh2+ 57. Kg2 Ng4 58. Kg3 $18) 56. Kd4 Nf2 57.
Ne3 Be7 $1 58. Nxe7 Kxe7 59. Ng2 $5 Nxg4 60. Nf4 Kd7 $2 {[#]} (60... Kf7 $1)
61. Nd3 $1 Kc6 62. Nc5 Kb5 63. Nxe6 Kxb4 (63... Nxe5 64. Nc7+ $1 Kc6 (64...
Kxb4 65. Nxa6+ $1 $18) 65. Kxe5 Kxc7 66. Ke6 Kb6 67. Kf7 Kb5 68. Kxg7 Kxb4 69.
Kxh6 a5 70. Kg6 a4 71. h6 $18) 64. Nc7 $1 $18 {Black loses the game because of
the very unfortunate position of his knight} Ka5 $8 (64... a5 65. e6 Nf6 66.
Nd5+ $18) (64... Nxe5 65. Nxa6+ Ka5 66. Kxe5 Kxa6 67. Kf5 Kb6 68. Kg6 Kc6 69.
Kxg7 Kd6 70. Kxh6 Ke7 71. Kg7 $18) 65. e6 Nf6 66. e7 $1 {zugzwang!} Ka4 $8 (
66... Kb6 67. Nd5+ $18) 67. Nxa6 Ne8 (67... Kb5 68. Nc7+ Kc6 69. e8=Q+ Nxe8 70.
Nxe8 Kd7 71. Nxg7 Ke7 72. Ke5 $18) 68. Kc5 $1 {now black king is off the play}
g6 (68... Kb3 69. Kc6 Kc4 70. Nc7 Nf6 71. Nd5 Ne8 72. Kd7 $18) 69. hxg6 h5 70.
Kc6 h4 71. Nc5+ Kb4 72. Ne4 h3 73. Nf2 h2 74. Kd7 Nf6+ 75. Ke6 Ne8 76. Kf7 Nd6+
77. Kf8 1-0

[Event "Passau op 4th"]
[Site "Passau"]
[Date "1996.??.??"]
[Round "6"]
[White "Bezold, Michael"]
[Black "Votava, Jan"]
[Result "0-1"]
[WhiteElo "2485"]
[BlackElo "2540"]
[Annotator "Schlosser,P"]
[PlyCount "74"]
[EventDate "1996.04.??"]
[EventType "swiss"]
[EventRounds "7"]
[EventCountry "GER"]
[SourceTitle "CBM 052"]
[Source "ChessBase"]
[SourceDate "1996.06.01"]
[SourceVersion "1"]
[SourceVersionDate "1996.06.01"]
[SourceQuality "1"]

1. c4 e6 2. Nf3 d5 3. g3 Nf6 4. Bg2 Be7 5. O-O O-O 6. d4 dxc4 7. Qc2 a6 8. a4
Bd7 9. Qxc4 Bc6 10. Bg5 a5 11. Nc3 Nbd7 12. Rfe1 Bxf3 13. Bxf3 c6 14. Rad1 h6
$6 {Wie der weitere Partieverlauf zeigt eine äußerst provokante Entscheidung.}
(14... Qb6 15. e4) 15. Bc1 Qb6 16. e4 $14 Rfd8 17. Qe2 Qb4 $6 {Wahrscheinlich
wieder gespielt, um Weiß zu reizen. Objektiv ist aber wohl die Alternative 17..
.e5 besser, wonach es Weiß schwer fällt, Vorteil zu behaupten:} (17... e5 18.
dxe5 Nxe5 19. Bg2 Bc5 20. h3 Rxd1 21. Rxd1 Rd8 22. Kh1 $14) 18. e5 Nd5 19. Be4
$5 {Vielleicht eine unnötig romantisch zumal auch eine einfache Fortsetzung zu
einer guten Stellung führt:} (19. Bxd5 $1 {Obwohl Weiß damit seinen guten
Läufer aufgibt, ist seinem Angriff am Königsflügel nur schwer Einhalt zu
gebieten:} cxd5 (19... exd5 20. Bd2 Qc4 21. Qg4 Kh8 (21... Kf8 22. Qf5 {
/\ 23.Qh7->}) 22. Qf5 f6 (22... Kg8 23. e6 $18) 23. Qh5 $40) 20. Qg4 Kh7 21. f4
Nf8 (21... g6 22. f5 exf5 (22... gxf5 23. Qh5 $18) 23. Qf3 Nb6 24. g4 $40) 22.
f5 $16) 19... Nxc3 20. bxc3 Qxc3 21. Qg4 {Mit aktiver Dame und starkem
Läuferpaar verfügt Weiß über eine gefährliche Angriffsstellung, zumal er über
die vierte oder dritte Reihe seine Türme mit einbeziehen kann.} Kf8 22. Bh7 {
Bei einer "gemütlichen Biergartenanalyse" mit Passauer Teamkollegen zeigte
sich, daß die Sache gar nicht so einfach ist, wie es die Optik glauben macht.
Grund an diesem Eindruck zu zweifeln, habe ich neben dem Bier in einer anderen
Partie dieses Magazins gefunden. Laden Sie in einem anderen Fenster die Partie
Kasparov - Anand, Amsterdam 1996: Sehen Sie, worin die weiße Kompensation für
den geopferten Bauern besteht, wenn Anand statt 20...Bd7 20...Nxe5 21.dxe5 Bg5
gespielt hätte? Ich nicht, Kasparov vermutlich schon - wäre er sonst vorher
der Zugwiederholung ausgewichen? Nehmen Sie die folgenden Varianten also mehr
als Anregung, sich eigenständig mit einer komplexen Stellung auseinander zu
setzen!} (22. Re3 Qc4 23. Qh5 (23. Rf3 $2 Nxe5) 23... Qxa4 24. Rdd3 (24. Kg2
Nxe5 25. dxe5 Rxd1 26. Rf3 Ke8 27. Qxf7+ Kd8 28. Bg6 Rxc1 $17) 24... Qa1 $132)
22... Bb4 23. Re3 (23. Re4 Qc2 $1) 23... Qc4 24. Bd3 (24. Kg2 Qd5+) 24... Qb3
25. Be2 $6 (25. Kg2 Qxa4 26. Qh5) (25. Bg6 $1 Nxe5 (25... Qxa4 26. Qf3 f6 27.
exf6 Nxf6 28. Rxe6 $40) 26. Rxe5 (26. Qe2 Qxd1+ 27. Qxd1 Nxg6 $17) 26... fxg6
27. Rxe6 $40) 25... Qxa4 26. Kg2 (26. Rf3 $2 Nxe5 27. dxe5 Rxd1+ 28. Bxd1 Qxd1+
29. Kg2 Rd8 $19) 26... Be7 27. Qh5 Kg8 28. Rf3 g6 29. Qxh6 Nxe5 30. Rf4 Qa2 31.
Rd2 $2 $138 {Bis zu diesem Punkt ein von beiden Seiten auf hohem Niveau
gespieltes Duell!} (31. dxe5 Qxe2 32. Rxf7 Qe4+ 33. f3 Qc2+ 34. Kh3 Kxf7 35.
Qh7+ Ke8 36. Qg8+ Bf8 37. Qxe6+ Be7 38. Qg8+ $10) 31... Qd5+ 32. Kg1 Bg5 $1 33.
Qh3 Bxf4 34. gxf4 Nd7 35. f5 exf5 36. Rd3 Re8 37. Bf1 Nf6 0-1